00589nam a2200169 a 450000100100000000500170001000800410002704000250006808200140009310000400010724500510014726000480019830000350024604900090028195201120029099900170040200003185220200930063230.0110706s198u dr ac 000 0 spa d aDO-SdBNPbspacBNPHU axxxbR7411 aRojas Silva, Tomás,d1961-95807110aIrma tiene su historia /cTomás Rojas Silva. aRepública Dominicana :b[s.n.],c[198-?]. a40 p. :bil., retrs. ;c22 cm. aBNPD 0010718PDaPDbPDcCTd2011-07-06iLF1l0oxxx R741p31852-10r2020-06-25w2020-06-25yLFPDZNo se presta c31344d31344